[Event "JBLN West 1819"]
[Site "Germany"]
[Date "2019.05.18"]
[Round "8.4"]
[White "Untiedt, Jan Niklas"]
[Black "Kotyk, Michael"]
[Result "1/2-1/2"]
[WhiteElo "1891"]
[BlackElo "1974"]
[PlyCount "172"]
[EventDate "2018.09.23"]
[EventType "team-tourn"]
[EventRounds "9"]
[EventCountry "GER"]
[SourceTitle "EXT 2020"]
[Source "ChessBase"]
[SourceDate "2019.10.17"]
[SourceVersion "1"]
[SourceVersionDate "2019.10.17"]
[SourceQuality "1"]
[WhiteTeam "Uelzen Post U20"]
[BlackTeam "Hamburger SK U20"]
[WhiteTeamCountry "GER"]
[BlackTeamCountry "GER"]

1. e4 e5 2. Nf3 Nc6 3. Bc4 Bc5 4. 0-0 Nf6 5. Re1 d6 6. c3 a6 7. Bb3 Ba7 8. d3 h6 9. Nbd2 g5 10. Nf1 g4 11. Nh4 Nxe4 12. dxe4 Qxh4 13. Be3 Be6 14. Bxa7 Rxa7 15. Ne3 h5 16. Bd5 Kd7 17. Qd3 Ne7 18. Rad1 Bxd5 19. Nxd5 Nxd5 20. Qxd5 Qf6 21. c4 Qe6 22. Qd3 b6 23. b4 a5 24. c5 axb4 25. cxb6 cxb6 26. Qb5+ Ke7 27. Qxb6 Rxa2 28. Qb7+ Qd7 29. Qxb4 Rh6 30. Ra1 Qa7 31. Rxa2 Qxa2 32. Qb7+ Kf8 33. g3 Rf6 34. Qb6 Kg7 35. Qe3 Kg6 36. Re2 Qa1+ 37. Kg2 Qa8 38. Qd3 Qh8 39. Re3 Qa8 40. Qd1 Qa2 41. Re2 Qc4 42. Re3 Qc6 43. Kg1 Qb6 44. Kg2 Qd8 45. Kg1 Re6 46. Kg2 Qa8 47. Kg1 Qf8 48. Rd3 Qe7 49. Rd2 Qc7 50. Rc2 Qb7 51. Rd2 Qb4 52. Re2 Re8 53. Re3 Rb8 54. Kg2 Rb6 55. Qc2 Qc5 56. Qd1 Rb4 57. h3 Qd4 58. Qe1 f5 59. exf5+ Kxf5 60. hxg4+ hxg4 61. Qc1 Rc4 62. Qb1+ Kf6 63. Qh7 Qd5+ 64. Kh2 Rc1 65. Qh4+ Kf7 66. Qh5+ Ke7 67. Qg5+ Ke8 68. Rxe5+ Qxe5 69. Qxc1 d5 70. Qc8+ Ke7 71. Qxg4 d4 72. f4 Qh8+ 73. Kg2 Qa8+ 74. Kf2 Kd6 75. f5 Qd5 76. Qf4+ Ke7 77. g4 Qa2+ 78. Ke1 Qb1+ 79. Kd2 Qb2+ 80. Kd3 Qc3+ 81. Ke4 d3 82. Qe3 Qc4+ 83. Kf3+ Kf7 84. Qd2 Qd4 85. Qa2+ Kg7 86. Qd2 Kf7 1/2-1/2

[Event "Oberliga Nord W 1617"]
[Site "Germany"]
[Date "2016.10.16"]
[Round "1.7"]
[White "Untiedt, Jan Niklas"]
[Black "Gabriel, Uwe"]
[Result "1-0"]
[WhiteElo "1893"]
[BlackElo "2048"]
[PlyCount "97"]
[EventDate "2016.10.16"]
[EventType "team-tourn"]
[EventRounds "9"]
[EventCountry "GER"]
[SourceTitle "EXT 2018"]
[Source "ChessBase"]
[SourceDate "2017.10.13"]
[SourceVersion "1"]
[SourceVersionDate "2017.10.13"]
[SourceQuality "1"]
[WhiteTeam "Uelzen Post"]
[BlackTeam "Hannover SF"]
[WhiteTeamCountry "GER"]
[BlackTeamCountry "GER"]

1. e4 e5 2. Nf3 Nf6 3. Nxe5 d6 4. Nf3 Nxe4 5. Nc3 Nf6 6. d4 d5 7. h3 Be7 8. Bd3 Nc6 9. 0-0 0-0 10. Bf4 Bd6 11. Be5 Bxe5 12. dxe5 Nd7 13. Nxd5 h6 14. Re1 Re8 15. Nf4 Nc5 16. Bb5 Bd7 17. Qd5 Qe7 18. Ng6 Qe6 19. Qxc5 Qxg6 20. Bd3 Qh5 21. Re4 f5 22. Re2 Rad8 23. Rae1 Be6 24. Bc4 Qf7 25. Bxe6 Qxe6 26. b3 b6 27. Qc3 Rd5 28. Rd2 Red8 29. Rxd5 Rxd5 30. Qe3 Kf7 31. c3 Ke7 32. Nd4 Nxd4 33. cxd4 c5 34. dxc5 Rxc5 35. f4 Qc6 36. Rd1 Rd5 37. Rc1 Qd7 38. Qc3 Rd2 39. Rc2 Rxc2 40. Qxc2 Qd4+ 41. Qf2 Qd1+ 42. Kh2 Qc1 43. Qd4 Qc7 44. Qc4 Qb8 45. Qc6 Kf7 46. Qd7+ Kg6 47. Qe6+ Kh7 48. Qxf5+ Kh8 49. e6 1-0

[Event "Lueneburg distr-ch U14/16/18"]
[Site "Tostedt"]
[Date "2015.10.21"]
[Round "6.2"]
[White "Rothenberg, Nina"]
[Black "Untiedt, Jan Niklas"]
[Result "0-1"]
[WhiteElo "1130"]
[BlackElo "1787"]
[PlyCount "84"]
[EventDate "2015.10.19"]
[EventType "swiss"]
[EventRounds "7"]
[EventCountry "GER"]
[SourceTitle "EXT 2019"]
[Source "ChessBase"]
[SourceDate "2018.10.10"]
[SourceVersion "1"]
[SourceVersionDate "2018.10.10"]
[SourceQuality "1"]

1. e4 c5 2. c3 d5 3. exd5 Qxd5 4. d4 Nf6 5. Bb5+ Nc6 6. Bxc6+ Qxc6 7. dxc5 Qxg2 8. Qf3 Bh3 9. Nd2 Qxf3 10. Ngxf3 e6 11. b4 Nd5 12. Bb2 Nf4 13. Kd1 Nd3 14. Kc2 Nxf2 15. Rhg1 Bf5+ 16. Kb3 Nd3 17. Nh4 Bg6 18. Nxg6 hxg6 19. Rg2 Nxb2 20. Kxb2 0-0-0 21. Rf1 Rd7 22. Nc4 f6 23. Re1 e5 24. Ree2 g5 25. Kc2 Rh4 26. Ne3 Rh3 27. Rg3 Rxg3 28. hxg3 Kc7 29. Rh2 Kc6 30. Rh8 Rf7 31. Kd3 g6 32. Rg8 Bg7 33. Kc4 f5 34. b5+ Kc7 35. Kd5 f4 36. Nf1 Re7 37. Ra8 e4 38. Rxa7 e3 39. c6 Kb8 40. Rxb7+ Rxb7 41. cxb7 Kxb7 42. gxf4 e2 0-1

[Event "Lueneburg distr-ch U14/16/18"]
[Site "Tostedt"]
[Date "2015.10.19"]
[Round "1.1"]
[White "Untiedt, Jan Niklas"]
[Black "Bieler, Janek"]
[Result "1-0"]
[WhiteElo "1787"]
[BlackElo "1123"]
[PlyCount "65"]
[EventDate "2015.10.19"]
[EventType "swiss"]
[EventRounds "7"]
[EventCountry "GER"]
[SourceTitle "EXT 2019"]
[Source "ChessBase"]
[SourceDate "2018.10.10"]
[SourceVersion "1"]
[SourceVersionDate "2018.10.10"]
[SourceQuality "1"]

1. e4 e5 2. Nf3 Nc6 3. Bc4 Bc5 4. c3 d6 5. 0-0 Nf6 6. d3 0-0 7. Re1 Re8 8. Nbd2 Be6 9. Bb3 d5 10. exd5 Bxd5 11. Nf1 h6 12. Ng3 Qd6 13. Be3 Rad8 14. Bc2 Rd7 15. h3 Rde7 16. Nf5 Qe6 17. Nxe7+ Qxe7 18. Bxc5 Qxc5 19. d4 Bxf3 20. dxc5 Bxd1 21. Raxd1 e4 22. Ba4 Re6 23. Bxc6 Rxc6 24. b4 Re6 25. f3 e3 26. Rd3 e2 27. Kf2 Nh5 28. Re3 Rg6 29. Re8+ Kh7 30. Re4 Ng3 31. Rg4 Nf5 32. Rxg6 Kxg6 33. Rxe2 1-0

[Event "Lueneburg op-B"]
[Site "Lueneburg"]
[Date "2015.08.23"]
[Round "9"]
[White "Schroeder, Guido"]
[Black "Untiedt, Jan Niklas"]
[Result "1-0"]
[WhiteElo "1768"]
[BlackElo "1789"]
[PlyCount "161"]
[EventDate "2015.08.15"]
[EventType "swiss"]
[EventRounds "9"]
[EventCountry "GER"]
[SourceTitle "EXT 2016"]
[Source "ChessBase"]
[SourceDate "2015.10.08"]
[SourceVersion "1"]
[SourceVersionDate "2015.10.08"]
[SourceQuality "1"]

1. f4 d5 2. Nf3 c5 3. e3 Nf6 4. Bb5+ Nc6 5. b3 e6 6. Bb2 Bd7 7. Bxc6 Bxc6 8. Ne5 Bd6 9. 0-0 0-0 10. d3 Nd7 11. Nxc6 bxc6 12. Nd2 f6 13. Qg4 Qe7 14. Qh3 e5 15. fxe5 fxe5 16. e4 Rf6 17. Rxf6 Nxf6 18. Rf1 Rf8 19. g4 Qd7 20. Qg2 Qxg4 21. Qxg4 Nxg4 22. Rxf8+ Kxf8 23. Nf3 d4 24. Bc1 Nf6 25. Kg2 h6 26. Nd2 Kf7 27. a4 Bc7 28. Nc4 g5 29. Ba3 Nd7 30. a5 Kg6 31. h3 Kf6 32. Kf3 h5 33. Bc1 Nb8 34. Bd2 Nd7 35. Nb2 Nf8 36. Na4 Ne6 37. Kg3 Bd8 38. Be1 Ke7 39. Bd2 Kd6 40. Nb2 Nc7 41. Nc4+ Ke6 42. Kf3 Na6 43. Kg3 Nb8 44. Kf3 Nd7 45. Kg3 Nf8 46. Kf3 Ng6 47. Kg3 Nf4 48. Be1 Bc7 49. Bd2 Kf6 50. Be1 Kg6 51. Bd2 Ne6 52. Be1 Nf8 53. Kf3 h4 54. Bf2 Kh5 55. Bg1 Ng6 56. Bh2 Bb8 57. a6 Bc7 58. Nd2 Nf4 59. Bxf4 exf4 60. Nf1 g4+ 61. hxg4+ Kg5 62. Nh2 Ba5 63. Kg2 Bc7 64. Kh3 f3 65. Nxf3+ Kf4 66. Nxh4 Ke3 67. g5 Bd8 68. g6 Bf6 69. g7 Bxg7 70. Nf5+ Kd2 71. Nxg7 Kxc2 72. e5 Kxd3 73. e6 Kc3 74. e7 d3 75. e8Q d2 76. Qe3+ Kc2 77. Qe2 Kc1 78. Qc4+ Kb1 79. Qd3+ Kc1 80. Qc3+ Kd1 81. Nf5 1-0

[Event "Lueneburg op-A"]
[Site "Lueneburg"]
[Date "2015.08.20"]
[Round "6"]
[White "Untiedt, Jan Niklas"]
[Black "Jantzen, Hans Joerg"]
[Result "0-1"]
[WhiteElo "1789"]
[BlackElo "2128"]
[PlyCount "42"]
[EventDate "2015.08.15"]
[EventType "swiss"]
[EventRounds "9"]
[EventCountry "GER"]
[SourceTitle "EXT 2016"]
[Source "ChessBase"]
[SourceDate "2015.10.08"]
[SourceVersion "1"]
[SourceVersionDate "2015.10.08"]
[SourceQuality "1"]

1. e4 c6 2. d4 d5 3. exd5 cxd5 4. c4 Nf6 5. Nf3 e6 6. Nc3 Bb4 7. a3 Bxc3+ 8. bxc3 Nc6 9. Bd3 dxc4 10. Bxc4 0-0 11. 0-0 h6 12. Qc2 b6 13. Bf4 Bb7 14. Rad1 Na5 15. Ba2 Rc8 16. Bb1 Be4 17. Qb2 Bxb1 18. Rxb1 Nd5 19. Bd2 Nc4 20. Qa2 Nxd2 21. Nxd2 Nxc3 0-1

[Event "Lueneburg op-A"]
[Site "Lueneburg"]
[Date "2015.08.15"]
[Round "1"]
[White "Hoolt, Sarah"]
[Black "Untiedt, Jan Niklas"]
[Result "1-0"]
[WhiteElo "2252"]
[BlackElo "1789"]
[PlyCount "65"]
[EventDate "2015.08.15"]
[EventType "swiss"]
[EventRounds "9"]
[EventCountry "GER"]
[SourceTitle "EXT 2016"]
[Source "ChessBase"]
[SourceDate "2015.10.08"]
[SourceVersion "1"]
[SourceVersionDate "2015.10.08"]
[SourceQuality "1"]

1. e4 c5 2. Nf3 Nc6 3. Bb5 a6 4. Bxc6 bxc6 5. 0-0 d6 6. e5 g6 7. Re1 Bg7 8. d3 Nh6 9. exd6 Qxd6 10. Nbd2 Bf5 11. Nc4 Qc7 12. Bg5 Be6 13. Rxe6 fxe6 14. Qe2 0-0 15. Qxe6+ Kh8 16. Qxe7 Qb8 17. Nfe5 Re8 18. Qxc5 Re6 19. d4 Qe8 20. h3 Nf7 21. Bf4 Rd8 22. c3 Rd5 23. Qa3 a5 24. Bg3 Rb5 25. Nxf7+ Qxf7 26. Nd6 Qa7 27. Nxb5 cxb5 28. Qc5 Qd7 29. Be5 Qe8 30. f4 h6 31. Rf1 Re7 32. Qb6 g5 33. Qxh6+ 1-0